ბათუმის შოთა რუსთაველის სახელმწიფო უნივერსიტეტის ბიბლიოთეკა

New insights into business (ბიბ.ჩანაწერი № 50586)

000 -LEADER
fixed length control field 00398nam a2200181Ia 4500
001 - CONTROL NUMBER
control field 17536
003 - CONTROL NUMBER IDENTIFIER
control field GE_BSU
008 - FIXED-LENGTH DATA ELEMENTS--GENERAL INFORMATION
fixed length control field 181216s||||||||xx |||||||||||||| ||und||
040 ## - CATALOGING SOURCE
Transcribing agency GE_BSU
080 ## - UNIVERSAL DECIMAL CLASSIFICATION NUMBER
Universal Decimal Classification number 811.111+339.1
100 ## - MAIN ENTRY--PERSONAL NAME
Personal name Tulis,Graham
245 ## - TITLE STATEMENT
Title New insights into business
260 ## - PUBLICATION, DISTRIBUTION, ETC.
Date of publication, distribution, etc. 2006
300 ## - PHYSICAL DESCRIPTION
Extent 176p.
653 ## - INDEX TERM--UNCONTROLLED
Uncontrolled term New insights into business
942 ## - ADDED ENTRY ELEMENTS (KOHA)
Koha item type წიგნი
ეგზემპლარები
Withdrawn status Lost status Damaged status Not for loan Date acquired Barcode Date last seen Price effective from Koha item type
        2018-12-17 1383 2018-12-17 2018-12-17 წიგნი